[Event "Bastiais Master 5th"]
[Site "Bastia"]
[Date "2007.03.??"]
[Round "?"]
[White "Rigal, Joel"]
[Black "Luciani, Thibault"]
[Result "0-1"]
[WhiteElo "1700"]
[BlackElo "1726"]
[PlyCount "84"]
[EventDate "2007.03.??"]
[EventType "swiss"]
[EventRounds "9"]
[EventCountry "FRA"]
[SourceTitle "CBM 117 Extra"]
[Source "ChessBase"]
[SourceDate "2007.05.09"]
[SourceVersion "1"]
[SourceVersionDate "2007.05.09"]
[SourceQuality "1"]

1. b3 Nf6 2. Bb2 Nc6 3. d4 d5 4. e3 Bf5 5. a3 e6 6. Nf3 Bd6 7. h3 0-0 8. Nbd2 Ne4 9. Be2 a6 10. c4 Be7 11. 0-0 Nxd2 12. Qxd2 Bf6 13. Rac1 Re8 14. Ne5 Bxe5 15. dxe5 dxc4 16. Rfd1 Qxd2 17. Rxd2 cxb3 18. Bf3 Bc2 19. Bd1 Bxd1 20. Rcxd1 Red8 21. Kf1 Rxd2 22. Rxd2 Rd8 23. Rxd8+ Nxd8 24. Ke2 c5 25. Kd3 b5 26. Kc3 Nc6 27. Kxb3 c4+ 28. Ka2 Kf8 29. Bc3 Ke8 30. f4 Ke7 31. g4 Kd7 32. f5 g6 33. fxg6 fxg6 34. g5 Kc7 35. Kb2 Kb6 36. Kc2 a5 37. h4 b4 38. axb4 axb4 39. Ba1 Kb5 40. Kd2 c3+ 41. Ke2 Kc4 42. Kf3 b3 0-1